Statistics for Sigourney Weaver Filmography

Click here to take the quiz!

General Stats

  • This quiz has been taken 38 times
    (13 since last reset)
  • The average score is 12 of 141

Answer Stats

TypeYearName% Correct
Film1986Aliens
100%
Film1979Alien
100%
Film1992Alien 3
89%
Film1997Alien Resurrection
78%
Film2016Ghostbusters
67%
Film1984Ghostbusters
67%
Film2009Avatar
67%
Video Game2009James Cameron's Avatar: The Game
67%
Film1989Ghostbusters II
56%
Film1988Working Girl
44%
Film2012The Cabin in the Woods
44%
Film1999Galaxy Quest
33%
Film1995Copycat
33%
Film1988Gorillas in the Mist
33%
TV Show1986, 2010Saturday Night Live
33%
Film1997The Ice Storm
22%
Film2016Finding Dory
22%
Film2004The Village
22%
Film2021Ghostbusters: Afterlife
22%
TV Show2002Futurama
22%
Film2021Avatar 2
22%
Film2023Avatar 3
22%
Film1977Annie Hall
11%
Film2017The Meyerowitz Stories (New and Selected)
11%
Film2016A Monster Calls
11%
Documentary Series2006Planet Earth
11%
Film2011Paul
11%
Film1986Half Moon Street
11%
Film2015CHAPPiE
11%
Film2014Exodus: Gods and Kings
11%
Film1982The Year of Living Dangerously
11%
Short Documentary2009Acid Test: The Global Challenge of Ocean Acidification
0%
TV Film2009Prayers for Bobby
0%
Theater1971Better Dead Than Sorry
0%
Film2008WALL·E
0%
TV Show2008Eli Stone
0%
Film2008The Tale of Despereaux
0%
Film2010Crazy on the Outside
0%
Film2008Baby Mama
0%
Film2008Be Kind Rewind
0%
Film2008Vantage Point
0%
Theater2007, 2008Love Letters
0%
Theater2007Crazy Mary
0%
Audiobook2007Little Bear
0%
Film2007The Girl in the Park
0%
Film2007Happily N'Ever After
0%
TV Documentary2006Gorillas Revisited with Sigourney Weaver
0%
Film2006Infamous
0%
Film2006The TV Set
0%
Theater2009Off the Main Road
0%
Film2012Red Lights
0%
Film2010You Again
0%
Documentary2016The Beatles: Eight Days a Week
0%
TV Show2020Call My Agent!
0%
Film2020My Salinger Year
0%
Documentary2019Cleanin' Up the Town: Remembering Ghostbusters
0%
Web Series2019The Dark Crystal: Age of Resistance
0%
TV Show2019SpongeBob SquarePants
0%
TV Show2019Full Frontal with Samantha Bee
0%
Documentary Series2018Dream the Future
0%
Documentary Mini-Series2017Dian Fossey: Secrets in the Mist
0%
Documentary2017Laddie: The Man Behind the Movies
0%
Web Mini-Series2017Marvel's The Defenders
0%
Short Film2017Rakka
0%
Film2016The Assignment
0%
Film2011Cedar Rapids
0%
TV Show2015, 2017Doc Martin
0%
Documentary2015Ingrid Bergman: In Her Own Words
0%
TV Show2015Penn Zero: Part-Time Hero
0%
Video Game2014-2015Alien: Isolation
0%
Short Film2014My Depression (The Up and Down and Up of It)
0%
Theater2012-2013Vanya and Sonia and Masha and Spike
0%
TV Mini-Series2012Political Animals
0%
Film2012Vamps
0%
Film2012The Cold Light of Day
0%
Film2011Rampart
0%
Film2011Abduction
0%
Film2006Snow Cake
0%
Film2002Tadpole
0%
Theater2004Mrs. Farnsworth
0%
Theater1976Gemini
0%
Theater1982Animal Kingdom
0%
Theater1981As You Like It
0%
Theater1981Beyond Therapy
0%
Film1981Eyewitness
0%
Theater1979New Jerusalem
0%
TV Show19793 by Cheever
0%
Theater1978A Flea in Her Ear
0%
Theater1978Conjuring an Event
0%
Film1978Madman
0%
Theater1977Marco Polo Sings a Solo
0%
TV Mini-Series1977The Best of Families
0%
Theater1976, 1980Das Lusitania Songspiel
0%
Theater1976Titanic
0%
Theater1983Old Times
0%
TV Show1976Somerset
0%
Theater1975The Constant Wife
0%
Theater1974The Frogs
0%
Theater1974The Nature and Purpose of the Universe
0%
Theater1974Rise and Fall of the City of Mahagonny
0%
Theater1973-1974Watergate Classics
0%
Theater1973Darkroom
0%
Theater1973The Tempest
0%
Theater1972The Elephant Calf
0%
Theater1972Once in a Lifetime
0%
Theater1972The Rat Trap
0%
Theater1972The Resistible Rise of Arturo Ui
0%
Theater1972Sarah B. Divine!
0%
Film1983Deal of the Century
0%
Theater1984Hurlyburly
0%
Film2004Imaginary Heroes
0%
TV Film1997Snow White: A Tale of Terror
0%
TV Documentary2003Search for the Afghan Girl
0%
TV Documentary2003National Geographic Specials: The Lost Film of Dian Fossey
0%
Film2003Holes
0%
Theater2002The Mercy Seat
0%
Film2002The Guys
0%
Theater1972Story Theatre
0%
Theater2001-2002, 2011The Guys
0%
TV Documentary2001Empires: The Roman Empire in the First Century
0%
Film2001Big Bad Love
0%
Film2001Heartbreakers
0%
Film2000Company Man
0%
TV Documentary1999Why Dogs Smile & Chimpanzees Cry
0%
Film1999A Map of the World
0%
Theater1996Sex and Longing
0%
Film1985One Woman or Two
0%
Film1995Jeffrey
0%
Audiobook1994Peachboy
0%
Film1994Death and the Maiden
0%
Short Film1994The Wild Swans
0%
Film1993Dave
0%
Short Film1993Rabbit Ears: Peachboy
0%
Audiobook1992The Snow Queen
0%
Film19921492: Conquest of Paradise
0%
Short Film1992The Snow Queen
0%
Documentary1989Helmut Newton: Frames from the Edge
0%
Theater1988The Show-Off
0%
Theater1986-1987The Merchant of Venice
0%
Theater1986A Streetcar Named Desire
0%
FilmTBAThe Good House
0%

Score Distribution

Percentile by Number Answered

Percent of People with Each Score

Your Score History

You have not taken this quiz since the last reset